000 00453nam a2200157Ia 4500
008 160316s1987 xxu||||| |||| 00| 0 eng d
082 _a301.095400
_bMAD-II
100 _aMadan G R
245 _aIndian social problems. Vol.2 : Social disorganizaition
250 _a4th
260 _aNew Delhi
_bAllied Publishers
_c1987
300 _a546p
_b
_c
365 _bRs.115/-
650 _a1. Social Problems - India 2. India - Social Problems
700 _a
_a
999 _c12166
_d12166